000 00221nam a22000857a 4500
008 160921b xxu||||| |||| 00| 0 eng d
100 _9700
_aAggarwal.V.P
245 _aLab-Biology-XI
260 _aNew Delhi
_bAP. Publications
_c2011
999 _c3357
_d3357